AH International Schools' Libraries

In the garden : (Record no. 48486)

MARC details
000 -LEADER
fixed length control field 00346nam a2200121 4500
020 ## - INTERNATIONAL STANDARD BOOK NUMBER
International Standard Book Number 9781405356190
100 ## - MAIN ENTRY--PERSONAL NAME
Personal name Burke, Lisa,
Relator term Author.
9 (RLIN) 86083
245 ## - TITLE STATEMENT
Title In the garden :
Remainder of title Fun experiments for budding scientists.
260 ## - PUBLICATION, DISTRIBUTION, ETC. (IMPRINT)
Name of publisher, distributor, etc Dorling Kindersley Publishers Ltd.,
Date of publication, distribution, etc 2010.
300 ## - PHYSICAL DESCRIPTION
Extent 24 pages.
490 ## - SERIES STATEMENT
Series statement Mini Scientist
942 ## - ADDED ENTRY ELEMENTS (KOHA)
Source of classification or shelving scheme
Koha item type Book
Holdings
Withdrawn status Lost status Source of classification or shelving scheme Damaged status Not for loan Home library Current library Date acquired Total Checkouts Full call number Barcode Date last seen Date checked out Price effective from Koha item type
          Logos International School Logos International School 02/26/2025 4 J 507.8 BUR 040427 04/23/2026 04/09/2026 02/26/2025 Book

For any Logos Library related questions please contact Miss Art at swongnarasuk@asianhope.org.

For any Asian Hope Library related questions please contact Miss Raza at graza@asianhope.org.

Powered by Koha